Регионална библиотека "Любен Каравелов" - Русе

Декоратор (Запис номер 103152)

MARC детайли
000 -Лидер
Контролно поле с фиксирана дължина 01675nam a2200373 c 4500
003 - Код на организацията, давaща контролен номер
Контролно поле BLK
005 - Дата и час на последна редакция
Контролно поле 20250324101226.0
008 - Елементи от данни с фиксирана дължина
fixed length control field 180409b bul|||||r ||||||| ||bul||
010 ## - Наследен системен номер
LC control number KNG00108224000
020 ## - Международен стандартен номер на книга ISBN
Международен стандартен номер на книга ISBN 954-9745-63-5
-- издат.: Еднорог
040 ## - Източник на каталожния запис
Идентификатор на билиотеката - собственик на записа BLK
041 ## - Код за език
Код за езика на текст/звукозапис или на отделно заглавие Български
Код за езика КДБФ Български
080 ## - УДК
Текстов определител УДК Руска литература
УДК код - определител по УДК 821.161.1
УДК определител -312.4
УДК - код + определител 821.161.1-312.4
100 1# - Редна дума - Автор
Автор Акунин, Борис
Авторска отговорност първи автор
Автор - информация (биография) Чхартишвили, Григорий Шалвович
R(LIN) 29916
139 ## - Редно поле
Редна дума Акунин, Борис
Авторски знак Акт - А 45
245 10 - Сведения за заглавието
Заглавие Декоратор
Подзаглавни данни Роман
Редно поле (дума) Борис Акунин; прев. София Азариева Бранц; * Григорий Шалвович Чхартишвили.
257 ## - Страна на издаване
Страна на създаване/издаване Русия
260 ## - Област на издателските данни
-- София
Име на издателя, разпространителя и проч. Еднорог
Година на издаване 2003
Печатница София : Дракон
300 ## - Физическа характеристика
Страници 253 с.
Размери/Мащаб 20 см
380 ## - Жанр
Жанр Худож. лит.
490 1# - СЕРИИ (Колекции)
Име на серия Поредица Приключенията на Ераст Фандорин
490 1# - СЕРИИ (Колекции)
-- Подсерия
Име на серия Специални поръчения
№: серия 2
500 ## - Общи забележки
Забележка Истинското име на авт. е Григорий Шалвович Чхартишвили. - Ориг. загл. Декоратор / B. Akunin. - Офс. изд.
653 ## - Ключова дума – ненормативна
Ключова дума романи
653 ## - Ключова дума – ненормативна
Ключова дума Ераст Фандорин
700 1# - Други автори (авторска отговорност)
Лично име Бранц, София Азариева
Автороска отговорност (Описва отношението между автора и произведението) прев.
9 (RLIN) 364087
700 1# - Други автори (авторска отговорност)
Лично име Чхартишвили, Григорий Шалвович
Автороска отговорност (Описва отношението между автора и произведението) *
9 (RLIN) 372450
852 ## - Местоположение
Форматна сигнатура Цб 216254
856 4# - Електронен адрес и достъп
Електронен формат pdf - файл
Път до файла /url/
856 4# - Електронен адрес и достъп
Електронен формат pdf - файл
Път до файла /url/
942 ## - АРТИКУЛИ
Вид на библиотечния материал Книги
Скрит в OPAC Не
Koha issues (borrowed), all copies 7
944 ## - СЪЗДАВАНЕ И РЕДАКЦИЯ на ЗАПИСА
Създаване/Редакция Създаване
Дата на регистрацията/редакция 13.10.2003
Служител, извършил регистрацията/редакцията 30576
Статус, дата на статуса Цветомила Тодорова
944 ## - СЪЗДАВАНЕ И РЕДАКЦИЯ на ЗАПИСА
Създаване/Редакция Редакция
Дата на регистрацията/редакция 26.06.2007
Служител, извършил регистрацията/редакцията
999 ## - СИСТЕМНИ КОНТРОЛНИ НОМЕРА
Koha biblionumber 103152
Koha biblioitemnumber 103152
Наличности
Код за отписване Код за изгубен артикул Източник на класификационната схема Код за повреда Коз за рестрикции Код за отдаване Артикулен № Име на библиотеката - собственик Име на библиотеката, в която се намира в момента Статус (Текущо местоположение) Дата на вписване в системата Местоположение - отдел Цена в лева Инвентарен номер Систематично азбучна сигнатура Баркод Номер на екземпляра Цена в евро Служебна бележка Служебен тип на артикула
Изтеглен Не е изгубен Universal Decimal Classification Не е повреден без рестрикции заемане за дома 166470 Регионална библиотека "Любен Каравелов" Русе Регионална библиотека "Любен Каравелов" Русе Заемна - подръчен фонд 2003-10-13 Заемна - подръчен фонд 6.90 120000679023 П 882-31/А 45 120000679023 1 3.53 Дост: Pk Вид: Ф N: 17435 Дата: 09.10.2003 Книги
  Не е изгубен   Не е повреден без рестрикции ползва се в читалня 166471 Регионална библиотека "Любен Каравелов" Русе Регионална библиотека "Любен Каравелов" Русе Хранилище 2004-08-11 Хранилище 6.90 120000687499 Цб 216254 120000687499 2 3.53 Дост: Dp Вид: Д N: 43 Дата: 15.10.2003 Книги
  Не е изгубен Universal Decimal Classification Не е повреден без рестрикции заемане за дома 166472 Регионална библиотека "Любен Каравелов" Русе Регионална библиотека "Любен Каравелов" Русе Заемна - подръчен фонд 2007-06-25 Заемна - подръчен фонд 6.90 120000714880 П 882-31/А 45 120000714880 3 3.53 Дост: Pk Вид: Ф N: 5888 Дата: 20.06.2007 Дата инв: 07.03.2018 Бележки инв: П2018 Книги
Vip Innovations Ltd, Rousse, Bulgaria 2025